[Event "DEM U8 2025"]
[Site "Willingen GER"]
[Date "2025.06.13"]
[Round "5"]
[White "Qiu, Caspar"]
[Black "Zhu, Elias"]
[Result "1-0"]
[Termination "normal"]
[Board "5"]
[WhiteElo "1289"]
[BlackElo "1311"]
[WhiteClock "00:57:13"]
[BlackClock "00:30:42"]
[PlyCount "109"]
[WhiteFideId "34697691"]
[BlackFideId "34695311"]
[EventCountry "GER"]
[EventRounds "7"]
[EventType "swiss"]
[EventDate "2025.06.10"]

1. d4 {[%clk 01:00:29]} d5 {[%clk 01:00:24]} {[%emt 00:00:07]} 2. c4 {[%clk
01:00:41]} {[%emt 00:00:04]} e6 {[%clk 01:00:34]} {[%emt 00:00:05]} 3. Nc3
{[%clk 01:00:53]} {[%emt 00:00:03]} c6 {[%clk 01:00:43]} {[%emt 00:00:05]} 4.
Nf3 {[%clk 01:01:04]} {[%emt 00:00:04]} Nf6 {[%clk 01:00:51]} {[%emt 00:00:06]}
5. e3 {[%clk 01:01:13]} {[%emt 00:00:07]} Bd6 {[%clk 01:01:01]} {[%emt
00:00:05]} 6. Bd2 {[%clk 01:01:18]} {[%emt 00:00:11]} Ne4 {[%clk 01:00:42]}
{[%emt 00:00:34]} 7. Bd3 {[%clk 01:01:11]} {[%emt 00:00:23]} f5 {[%clk
01:00:49]} {[%emt 00:00:06]} 8. O-O {[%clk 01:01:20]} {[%emt 00:00:07]} Nd7
{[%clk 01:00:48]} {[%emt 00:00:15]} 9. cxd5 {[%clk 01:00:55]} {[%emt 00:00:40]}
exd5 {[%clk 01:00:43]} {[%emt 00:00:20]} 10. Rc1 {[%clk 01:00:38]} {[%emt
00:00:32]} O-O {[%clk 01:00:37]} {[%emt 00:00:21]} 11. Qb3 {[%clk 00:59:49]}
{[%emt 00:01:04]} Qf6 {[%clk 00:59:13]} {[%emt 00:01:36]} 12. Bxe4 {[%clk
00:59:23]} {[%emt 00:00:44]} fxe4 {[%clk 00:59:09]} {[%emt 00:00:20]} 13. Nxe4
{[%clk 00:59:29]} {[%emt 00:00:08]} Qe7 {[%clk 00:57:34]} {[%emt 00:01:29]} 14.
Nxd6 {[%clk 00:59:21]} {[%emt 00:00:44]} Qxd6 {[%clk 00:56:41]} {[%emt
00:01:08]} 15. Bb4 {[%clk 00:59:04]} {[%emt 00:00:32]} c5 {[%clk 00:54:59]}
{[%emt 00:01:58]} 16. dxc5 {[%clk 00:59:10]} {[%emt 00:00:09]} Qc6 {[%clk
00:49:38]} {[%emt 00:05:31]} 17. Nd4 {[%clk 00:59:07]} {[%emt 00:00:22]} Qg6
{[%clk 00:49:03]} {[%emt 00:00:34]} 18. c6 {[%clk 00:58:36]} {[%emt 00:01:02]}
bxc6 {[%clk 00:46:48]} {[%emt 00:02:29]} 19. Rxc6 {[%clk 00:58:33]} {[%emt
00:00:19]} Nf6 {[%clk 00:44:29]} {[%emt 00:02:33]} 20. Rxf6 {[%clk 00:57:43]}
{[%emt 00:01:06]} Qxf6 {[%clk 00:41:32]} {[%emt 00:03:12]} 21. Qxd5+ {[%clk
00:57:51]} {[%emt 00:00:08]} Be6 {[%clk 00:37:59]} {[%emt 00:03:47]} 22. Nxe6
{[%clk 00:57:18]} {[%emt 00:00:48]} Qf7 {[%clk 00:36:28]} {[%emt 00:01:45]} 23.
Bxf8 {[%clk 00:56:55]} {[%emt 00:00:39]} Rxf8 {[%clk 00:36:23]} {[%emt
00:00:18]} 24. Nf4 {[%clk 00:55:15]} {[%emt 00:01:57]} Qxd5 {[%clk 00:36:23]}
{[%emt 00:00:15]} 25. Nxd5 {[%clk 00:55:17]} {[%emt 00:00:13]} Rd8 {[%clk
00:36:21]} {[%emt 00:00:13]} 26. Rd1 {[%clk 00:55:14]} {[%emt 00:00:21]} Kf7
{[%clk 00:36:21]} {[%emt 00:00:15]} 27. Kf1 {[%clk 00:54:39]} {[%emt 00:00:51]}
Kf8 {[%clk 00:36:17]} {[%emt 00:00:15]} 28. Ke2 {[%clk 00:54:40]} {[%emt
00:00:18]} Rb8 {[%clk 00:36:24]} {[%emt 00:00:07]} 29. b3 {[%clk 00:54:31]}
{[%emt 00:00:26]} Rc8 {[%clk 00:36:24]} {[%emt 00:00:11]} 30. Rd2 {[%clk
00:54:28]} {[%emt 00:00:21]} Kf7 {[%clk 00:36:05]} {[%emt 00:00:22]} 31. Nb4
{[%clk 00:54:03]} {[%emt 00:00:51]} Rc7 {[%clk 00:35:18]} {[%emt 00:00:53]} 32.
Rc2 {[%clk 00:53:57]} {[%emt 00:00:32]} Rb7 {[%clk 00:30:46]} {[%emt 00:04:41]}
33. Na6 {[%clk 00:53:59]} {[%emt 00:00:18]} Ke6 {[%clk 00:28:16]} {[%emt
00:02:44]} 34. Nc5+ {[%clk 00:54:05]} {[%emt 00:00:10]} Kd6 {[%clk 00:28:16]}
{[%emt 00:00:15]} 35. Nxb7+ {[%clk 00:54:14]} {[%emt 00:00:06]} Kd7 {[%clk
00:28:01]} {[%emt 00:00:31]} 36. Kd3 {[%clk 00:54:23]} {[%emt 00:00:05]} Ke7
{[%clk 00:28:05]} {[%emt 00:00:11]} 37. Rc7+ {[%clk 00:54:32]} {[%emt
00:00:06]} Ke6 {[%clk 00:28:13]} {[%emt 00:00:08]} 38. Rxg7 {[%clk 00:54:41]}
{[%emt 00:00:06]} h5 {[%clk 00:28:23]} {[%emt 00:00:04]} 39. Rh7 {[%clk
00:54:52]} {[%emt 00:00:04]} Kf6 {[%clk 00:28:34]} {[%emt 00:00:04]} 40. Rxh5
{[%clk 00:55:02]} {[%emt 00:00:05]} Kg6 {[%clk 00:28:44]} {[%emt 00:00:05]} 41.
Ra5 {[%clk 00:55:12]} {[%emt 00:00:05]} Kg7 {[%clk 00:28:55]} {[%emt 00:00:04]}
42. Rxa7 {[%clk 00:55:21]} {[%emt 00:00:06]} Kf6 {[%clk 00:29:06]} {[%emt
00:00:04]} 43. f4 {[%clk 00:55:30]} {[%emt 00:00:06]} Kf5 {[%clk 00:29:16]}
{[%emt 00:00:05]} 44. a4 {[%clk 00:55:40]} {[%emt 00:00:05]} Kg6 {[%clk
00:29:26]} {[%emt 00:00:05]} 45. Ra8 {[%clk 00:55:50]} {[%emt 00:00:06]} Kf6
{[%clk 00:29:38]} {[%emt 00:00:03]} 46. a5 {[%clk 00:56:01]} {[%emt 00:00:04]}
Ke6 {[%clk 00:29:48]} {[%emt 00:00:04]} 47. a6 {[%clk 00:56:11]} {[%emt
00:00:05]} Kf6 {[%clk 00:30:01]} {[%emt 00:00:03]} 48. a7 {[%clk 00:56:22]}
{[%emt 00:00:04]} Ke6 {[%clk 00:30:14]} {[%emt 00:00:01]} 49. Rc8 {[%clk
00:56:31]} {[%emt 00:00:05]} Kf6 {[%clk 00:30:16]} {[%emt 00:00:14]} 50. a8=Q
{[%clk 00:56:38]} {[%emt 00:00:09]} Kg6 {[%clk 00:30:13]} {[%emt 00:00:18]} 51.
Qa5 {[%clk 00:56:47]} {[%emt 00:00:05]} Kf6 {[%clk 00:30:24]} {[%emt 00:00:05]}
52. Rc6+ {[%clk 00:56:57]} {[%emt 00:00:05]} Ke7 {[%clk 00:30:30]} {[%emt
00:00:09]} 53. Qc7+ {[%clk 00:57:05]} {[%emt 00:00:06]} Ke8 {[%clk 00:30:36]}
{[%emt 00:00:06]} 54. Nd6+ {[%clk 00:57:13]} {[%emt 00:00:10]} Kf8 {[%clk
00:30:42]} {[%emt 00:00:10]} 55. Qf7# {[%emt 00:00:07]} 1-0

[Event "DEM U8 2025"]
[Site "Willingen GER"]
[Date "2025.06.13"]
[Round "5"]
[White "Dold, Emil"]
[Black "Rohr, Leo Max"]
[Result "1-0"]
[Termination "normal"]
[Board "6"]
[WhiteElo "1245"]
[BlackElo "1160"]
[WhiteClock "00:53:07"]
[BlackClock "00:22:09"]
[PlyCount "71"]
[BlackFideId "533004340"]
[EventCountry "GER"]
[EventRounds "7"]
[EventType "swiss"]
[EventDate "2025.06.10"]

1. e4 {[%clk 01:00:27]} {[%emt 00:00:03]} c6 {[%clk 01:00:29]} {[%emt
00:00:01]} 2. Nc3 {[%clk 01:00:30]} {[%emt 00:00:12]} d5 {[%clk 01:00:36]}
{[%emt 00:00:08]} 3. Qf3 {[%clk 01:00:36]} {[%emt 00:00:09]} dxe4 {[%clk
01:00:27]} {[%emt 00:00:24]} 4. Nxe4 {[%clk 01:00:32]} {[%emt 00:00:18]} Nf6
{[%clk 01:00:24]} {[%emt 00:00:18]} 5. Bc4 {[%clk 01:00:31]} {[%emt 00:00:16]}
Nbd7 {[%clk 00:59:58]} {[%emt 00:00:41]} 6. Bb3 {[%clk 01:00:12]} {[%emt
00:00:34]} e6 {[%clk 00:59:46]} {[%emt 00:00:27]} 7. Ne2 {[%clk 00:59:45]}
{[%emt 00:00:43]} Be7 {[%clk 00:59:41]} {[%emt 00:00:19]} 8. O-O {[%clk
00:59:35]} {[%emt 00:00:25]} Nxe4 {[%clk 00:58:54]} {[%emt 00:01:03]} 9. Qxe4
{[%clk 00:59:33]} {[%emt 00:00:17]} Nc5 {[%clk 00:58:52]} {[%emt 00:00:16]} 10.
Qg4 {[%clk 00:58:59]} {[%emt 00:00:49]} Nxb3 {[%clk 00:58:51]} {[%emt
00:00:17]} 11. axb3 {[%emt 00:00:44]} O-O {[%clk 00:58:56]} {[%emt 00:00:01]}
12. d4 {[%clk 00:58:29]} {[%emt 00:00:26]} f5 {[%clk 00:56:23]} {[%emt
00:02:47]} 13. Qg3 {[%clk 00:58:17]} {[%emt 00:00:26]} Rf6 {[%clk 00:54:11]}
{[%emt 00:02:27]} 14. Bg5 {[%clk 00:57:47]} {[%emt 00:00:45]} Rg6 {[%clk
00:54:16]} {[%emt 00:00:11]} 15. Bxe7 {[%clk 00:57:48]} {[%emt 00:00:13]} Qxe7
{[%clk 00:54:20]} {[%emt 00:00:12]} 16. Qf3 {[%clk 00:57:42]} {[%emt 00:00:21]}
Bd7 {[%clk 00:50:43]} {[%emt 00:03:52]} 17. Rfe1 {[%clk 00:57:26]} {[%emt
00:00:31]} Re8 {[%clk 00:50:17]} {[%emt 00:00:40]} 18. Rxa7 {[%clk 00:57:27]}
{[%emt 00:00:15]} Bc8 {[%clk 00:50:14]} {[%emt 00:00:17]} 19. Nf4 {[%clk
00:56:55]} {[%emt 00:00:47]} Rh6 {[%clk 00:50:13]} {[%emt 00:00:17]} 20. d5
{[%clk 00:56:48]} {[%emt 00:00:21]} Qc5 {[%clk 00:42:27]} {[%emt 00:08:01]} 21.
Raa1 {[%clk 00:56:34]} {[%emt 00:00:31]} Bd7 {[%clk 00:32:36]} {[%emt
00:10:05]} 22. dxe6 {[%clk 00:55:52]} {[%emt 00:00:57]} Bxe6 {[%clk 00:32:06]}
{[%emt 00:00:45]} 23. Nxe6 {[%clk 00:55:44]} {[%emt 00:00:23]} Rhxe6 {[%clk
00:32:11]} {[%emt 00:00:11]} 24. Rxe6 {[%clk 00:55:35]} {[%emt 00:00:22]} Rxe6
{[%clk 00:32:14]} {[%emt 00:00:13]} 25. Ra8+ {[%clk 00:55:40]} {[%emt
00:00:09]} Kf7 {[%clk 00:32:19]} {[%emt 00:00:11]} 26. h3 {[%clk 00:55:37]}
{[%emt 00:00:18]} g6 {[%clk 00:30:42]} {[%emt 00:01:51]} 27. Rb8 {[%clk
00:55:29]} {[%emt 00:00:24]} Re1+ {[%clk 00:30:45]} {[%emt 00:00:12]} 28. Kh2
{[%clk 00:55:29]} {[%emt 00:00:15]} Qd6+ {[%clk 00:29:56]} {[%emt 00:01:05]}
29. Qg3 {[%clk 00:55:21]} {[%emt 00:00:22]} f4 {[%clk 00:30:09]} {[%emt
00:00:02]} 30. Rxb7+ {[%clk 00:55:13]} {[%emt 00:00:23]} Ke8 {[%clk 00:29:25]}
{[%emt 00:00:58]} 31. Qg4 {[%clk 00:54:59]} {[%emt 00:00:27]} Re6 {[%clk
00:29:05]} {[%emt 00:00:39]} 32. Rxh7 {[%clk 00:54:38]} {[%emt 00:00:35]} f3+
{[%clk 00:24:37]} {[%emt 00:04:43]} 33. g3 {[%clk 00:54:28]} {[%emt 00:00:25]}
Kf8 {[%clk 00:22:54]} {[%emt 00:01:57]} 34. Rh8+ {[%clk 00:54:03]} {[%emt
00:00:42]} Kg7 {[%clk 00:22:46]} {[%emt 00:00:22]} 35. Rh4 {[%clk 00:53:23]}
{[%emt 00:00:52]} Qd5 {[%clk 00:22:09]} {[%emt 00:00:54]} 36. Qd4+ {[%clk
00:53:07]} {[%emt 00:00:31]} 1-0

[Event "DEM U8 2025"]
[Site "Willingen GER"]
[Date "2025.06.13"]
[Round "5"]
[White "Prasad, Ayush"]
[Black "Lehner, Hendrik Elias"]
[Result "1-0"]
[Termination "normal"]
[Board "7"]
[WhiteElo "1067"]
[BlackElo "1245"]
[WhiteClock "00:27:44"]
[BlackClock "00:39:47"]
[PlyCount "99"]
[BlackFideId "533035148"]
[EventCountry "GER"]
[EventRounds "7"]
[EventType "swiss"]
[EventDate "2025.06.10"]

1. e4 {[%clk 01:00:27]} {[%emt 00:00:03]} c5 {[%clk 01:00:26]} {[%emt
00:00:04]} 2. Nf3 {[%clk 01:00:37]} {[%emt 00:00:05]} Nc6 {[%clk 01:00:10]}
{[%emt 00:00:32]} 3. Bb5 {[%clk 01:00:43]} {[%emt 00:00:08]} g6 {[%clk
01:00:19]} {[%emt 00:00:06]} 4. O-O {[%clk 01:00:19]} {[%emt 00:00:40]} a6
{[%clk 01:00:08]} {[%emt 00:00:25]} 5. Bc4 {[%clk 01:00:10]} {[%emt 00:00:21]}
Bg7 {[%clk 00:59:57]} {[%emt 00:00:28]} 6. c3 {[%clk 01:00:16]} {[%emt
00:00:10]} b5 {[%clk 00:59:29]} {[%emt 00:00:43]} 7. Bb3 {[%clk 01:00:22]}
{[%emt 00:00:08]} Qb6 {[%clk 00:59:13]} {[%emt 00:00:32]} 8. Re1 {[%clk
00:59:57]} {[%emt 00:00:41]} Bb7 {[%clk 00:59:11]} {[%emt 00:00:15]} 9. e5
{[%clk 00:59:24]} {[%emt 00:00:48]} e6 {[%clk 00:59:19]} {[%emt 00:00:07]} 10.
d4 {[%clk 00:59:17]} {[%emt 00:00:22]} Nge7 {[%clk 00:58:31]} {[%emt 00:01:03]}
11. Be3 {[%clk 00:58:35]} {[%emt 00:00:58]} cxd4 {[%clk 00:56:53]} {[%emt
00:01:54]} 12. cxd4 {[%clk 00:58:38]} {[%emt 00:00:12]} Qc7 {[%clk 00:56:39]}
{[%emt 00:00:27]} 13. Nc3 {[%clk 00:57:52]} {[%emt 00:01:01]} O-O {[%clk
00:56:34]} {[%emt 00:00:20]} 14. Ne4 {[%clk 00:57:04]} {[%emt 00:01:04]} Nxe5
{[%clk 00:55:22]} {[%emt 00:01:28]} 15. Nxe5 {[%clk 00:54:32]} {[%emt
00:02:46]} Bxe5 {[%clk 00:54:54]} {[%emt 00:00:42]} 16. dxe5 {[%clk 00:54:14]}
{[%emt 00:00:34]} Bxe4 {[%clk 00:54:53]} {[%emt 00:00:15]} 17. Bh6 {[%clk
00:53:16]} {[%emt 00:01:13]} Bb7 {[%clk 00:54:12]} {[%emt 00:00:56]} 18. Bxf8
{[%clk 00:53:21]} {[%emt 00:00:11]} Qc6 {[%clk 00:54:14]} {[%emt 00:00:13]} 19.
f3 {[%clk 00:52:36]} {[%emt 00:01:00]} Kxf8 {[%clk 00:54:03]} {[%emt 00:00:25]}
20. Rc1 {[%clk 00:51:49]} {[%emt 00:01:03]} Qb6+ {[%clk 00:53:40]} {[%emt
00:00:38]} 21. Kh1 {[%clk 00:51:44]} {[%emt 00:00:19]} Bd5 {[%clk 00:52:34]}
{[%emt 00:01:22]} 22. Bxd5 {[%clk 00:51:11]} {[%emt 00:00:48]} Nxd5 {[%clk
00:52:40]} {[%emt 00:00:09]} 23. Qd2 {[%clk 00:50:38]} {[%emt 00:00:46]} a5
{[%clk 00:51:48]} {[%emt 00:01:08]} 24. Qh6+ {[%clk 00:50:33]} {[%emt
00:00:21]} Kg8 {[%clk 00:51:48]} {[%emt 00:00:13]} 25. Re4 {[%clk 00:49:19]}
{[%emt 00:01:31]} Qf2 {[%clk 00:48:58]} {[%emt 00:03:04]} 26. Rg1 {[%clk
00:47:49]} {[%emt 00:01:41]} Rc8 {[%clk 00:48:06]} {[%emt 00:01:11]} 27. Rh4
{[%clk 00:45:19]} {[%emt 00:02:46]} Rc2 {[%clk 00:48:08]} {[%emt 00:00:13]} 28.
Qxh7+ {[%clk 00:44:10]} {[%emt 00:01:24]} Kf8 {[%clk 00:48:12]} {[%emt
00:00:10]} 29. Qh6+ {[%clk 00:44:18]} {[%emt 00:00:08]} Ke8 {[%clk 00:48:17]}
{[%emt 00:00:08]} 30. Qg5 {[%clk 00:43:09]} {[%emt 00:01:15]} d6 {[%clk
00:47:40]} {[%emt 00:01:02]} 31. Rh8+ {[%clk 00:43:05]} {[%emt 00:00:19]} Kd7
{[%clk 00:47:43]} {[%emt 00:00:13]} 32. Qd8+ {[%clk 00:43:01]} {[%emt
00:00:19]} Kc6 {[%clk 00:47:41]} {[%emt 00:00:17]} 33. Qxd6+ {[%clk 00:42:41]}
{[%emt 00:00:35]} Kb7 {[%clk 00:47:34]} {[%emt 00:00:21]} 34. Rb8+ {[%clk
00:41:22]} {[%emt 00:01:34]} Ka7 {[%clk 00:47:34]} {[%emt 00:00:15]} 35. Rd8
{[%clk 00:38:33]} {[%emt 00:03:04]} Rc7 {[%clk 00:46:35]} {[%emt 00:01:14]} 36.
Qf8 {[%clk 00:32:22]} {[%emt 00:06:28]} Qxb2 {[%clk 00:42:54]} {[%emt
00:03:56]} 37. Ra8+ {[%clk 00:32:14]} {[%emt 00:00:21]} Kb6 {[%clk 00:42:46]}
{[%emt 00:00:18]} 38. Qd6+ {[%clk 00:31:58]} {[%emt 00:00:35]} Rc6 {[%clk
00:42:40]} {[%emt 00:00:21]} 39. Qb8+ {[%emt 00:00:07]} Kc5 {[%emt 00:00:11]}
40. Qf8+ {[%clk 00:31:29]} {[%emt 00:01:03]} Kd4 {[%clk 00:42:14]} {[%emt
00:00:39]} 41. Rd1+ {[%clk 00:30:06]} {[%emt 00:01:40]} Kxe5 {[%clk 00:41:12]}
{[%emt 00:01:16]} 42. Qg7+ {[%clk 00:29:59]} {[%emt 00:00:23]} f6 {[%clk
00:41:13]} {[%emt 00:00:14]} 43. Qxg6 {[%clk 00:28:47]} {[%emt 00:01:27]} Rc1
{[%clk 00:41:08]} {[%emt 00:00:20]} 44. Qe4+ {[%clk 00:28:28]} {[%emt
00:00:34]} Kd6 {[%clk 00:40:59]} {[%emt 00:00:24]} 45. Qf4+ {[%clk 00:27:45]}
{[%emt 00:00:57]} e5 {[%clk 00:40:27]} {[%emt 00:00:47]} 46. Qxc1 {[%clk
00:27:45]} {[%emt 00:00:16]} Qf2 {[%clk 00:40:18]} {[%emt 00:00:24]} 47. Rd8+
{[%clk 00:27:40]} {[%emt 00:00:21]} Ke7 {[%clk 00:40:13]} {[%emt 00:00:19]} 48.
R8xd5 {[%clk 00:27:44]} {[%emt 00:00:11]} e4 {[%clk 00:39:44]} {[%emt
00:00:44]} 49. Qc7+ {[%emt 00:00:18]} Ke6 {[%clk 00:39:47]} {[%emt 00:00:03]}
50. Qd7# {[%emt 00:00:13]} 1-0

[Event "DEM U8 2025"]
[Site "Willingen GER"]
[Date "2025.06.13"]
[Round "5"]
[White "Weller, Markus"]
[Black "Rieland, Hannes"]
[Result "1-0"]
[Termination "normal"]
[Board "8"]
[WhiteElo "1239"]
[BlackElo "1487"]
[WhiteClock "00:41:54"]
[BlackClock "00:26:07"]
[PlyCount "65"]
[WhiteFideId "533033838"]
[BlackFideId "533022208"]
[EventCountry "GER"]
[EventRounds "7"]
[EventType "swiss"]
[EventDate "2025.06.10"]

1. Nf3 {[%clk 01:00:22]} {[%emt 00:00:08]} d5 {[%clk 01:00:24]} {[%emt
00:00:08]} 2. g3 {[%clk 01:00:26]} {[%emt 00:00:10]} e6 {[%clk 01:00:33]}
{[%emt 00:00:06]} 3. Bg2 {[%clk 01:00:32]} {[%emt 00:00:11]} Nf6 {[%clk
01:00:18]} {[%emt 00:00:28]} 4. O-O {[%clk 01:00:38]} {[%emt 00:00:08]} Be7
{[%clk 01:00:19]} {[%emt 00:00:16]} 5. d4 {[%clk 01:00:42]} {[%emt 00:00:09]}
O-O {[%clk 01:00:24]} {[%emt 00:00:09]} 6. Bf4 {[%clk 01:00:48]} {[%emt
00:00:11]} b6 {[%clk 01:00:11]} {[%emt 00:00:28]} 7. Nbd2 {[%clk 01:00:54]}
{[%emt 00:00:10]} Ba6 {[%clk 01:00:15]} {[%emt 00:00:11]} 8. Re1 {[%clk
01:00:47]} {[%emt 00:00:21]} Nc6 {[%clk 01:00:10]} {[%emt 00:00:19]} 9. c3
{[%clk 01:00:54]} {[%emt 00:00:09]} h6 {[%clk 00:59:25]} {[%emt 00:01:00]} 10.
Ne5 {[%clk 01:00:24]} {[%emt 00:00:45]} Nxe5 {[%clk 00:58:04]} {[%emt
00:01:36]} 11. Bxe5 {[%emt 00:00:11]} Nd7 {[%clk 00:57:21]} {[%emt 00:00:55]}
12. Nf3 {[%emt 00:01:04]} Nxe5 {[%clk 00:54:48]} {[%emt 00:02:14]} 13. Nxe5
{[%clk 00:59:56]} {[%emt 00:00:36]} Qd6 {[%clk 00:54:26]} {[%emt 00:00:36]} 14.
e3 {[%clk 00:59:43]} {[%emt 00:00:29]} Bf6 {[%clk 00:54:25]} {[%emt 00:00:15]}
15. Ng4 {[%emt 00:01:24]} Bg5 {[%clk 00:53:29]} {[%emt 00:01:09]} 16. Bf1
{[%clk 00:57:19]} {[%emt 00:01:33]} Bxf1 {[%clk 00:52:11]} {[%emt 00:01:32]}
17. Rxf1 {[%clk 00:56:45]} {[%emt 00:00:49]} h5 {[%clk 00:51:42]} {[%emt
00:00:44]} 18. Ne5 {[%clk 00:55:21]} {[%emt 00:01:40]} Bf6 {[%clk 00:44:45]}
{[%emt 00:07:11]} 19. Nd3 {[%clk 00:52:18]} {[%emt 00:03:18]} h4 {[%clk
00:42:54]} {[%emt 00:02:06]} 20. Qh5 {[%clk 00:50:59]} {[%emt 00:01:34]} hxg3
{[%clk 00:41:18]} {[%emt 00:01:51]} 21. hxg3 {[%clk 00:50:20]} {[%emt
00:00:54]} Rfd8 {[%clk 00:37:48]} {[%emt 00:03:35]} 22. Kg2 {[%clk 00:49:44]}
{[%emt 00:01:01]} Kf8 {[%clk 00:36:21]} {[%emt 00:01:34]} 23. f4 {[%clk
00:48:15]} {[%emt 00:01:53]} Ke7 {[%clk 00:35:52]} {[%emt 00:00:42]} 24. Ne5
{[%clk 00:48:14]} {[%emt 00:00:17]} Rh8 {[%clk 00:35:28]} {[%emt 00:00:38]} 25.
Qxf7+ {[%clk 00:47:16]} {[%emt 00:01:15]} Kd8 {[%clk 00:34:13]} {[%emt
00:01:28]} 26. Ng6 {[%clk 00:45:37]} {[%emt 00:01:54]} Rh6 {[%clk 00:31:56]}
{[%emt 00:02:33]} 27. Rh1 {[%clk 00:44:29]} {[%emt 00:01:23]} Rxh1 {[%clk
00:30:24]} {[%emt 00:01:47]} 28. Rxh1 {[%clk 00:44:16]} {[%emt 00:00:28]} Kc8
{[%clk 00:30:11]} {[%emt 00:00:26]} 29. Rh8+ {[%clk 00:42:44]} {[%emt
00:01:49]} Kb7 {[%clk 00:28:43]} {[%emt 00:01:33]} 30. Rxa8 {[%emt 00:00:15]}
Kxa8 {[%emt 00:00:06]} 31. Nf8 {[%clk 00:42:02]} {[%emt 00:00:46]} Qc6 {[%clk
00:27:05]} {[%emt 00:01:47]} 32. Qxe6 {[%clk 00:41:54]} {[%emt 00:00:29]} Qb5
{[%clk 00:26:07]} {[%emt 00:01:11]} 33. Qc8# {[%emt 00:00:29]} 1-0